Śiśu-sāhitya o sāhityika. (Record no. 62039)

MARC details
000 -LEADER
fixed length control field 00735cam a22002411 4500
001 - CONTROL NUMBER
control field sa 65001413
003 - CONTROL NUMBER IDENTIFIER
control field DLC
005 - DATE AND TIME OF LATEST TRANSACTION
control field 20260227112109.0
008 - FIXED-LENGTH DATA ELEMENTS--GENERAL INFORMATION
fixed length control field 850617s1964 ii c 000 0 benx
010 ## - LIBRARY OF CONGRESS CONTROL NUMBER
LC control number sa 65001413
025 ## - OVERSEAS ACQUISITION NUMBER
Overseas acquisition number PL480:I-B-1526
035 ## - SYSTEM CONTROL NUMBER
System control number (OCoLC)13891430
040 ## - CATALOGING SOURCE
Original cataloging agency DLC
Transcribing agency NN
Modifying agency DLC
043 ## - GEOGRAPHIC AREA CODE
Geographic area code a-ii---
050 00 - LIBRARY OF CONGRESS CALL NUMBER
Classification number PN1009.B4
Item number D4
100 1# - MAIN ENTRY--PERSONAL NAME
Personal name Dey, Prabhash Ranjan,
Dates associated with a name 1930-
245 10 - TITLE STATEMENT
Title Śiśu-sāhitya o sāhityika.
Statement of responsibility, etc. [Lekhaka] Śrīprabhāsarañjana De.
260 ## - PUBLICATION, DISTRIBUTION, ETC.
Place of publication, distribution, etc. Kalikātā,
Name of publisher, distributor, etc. Pūrabī Buka Sṭora
Date of publication, distribution, etc. [1964?]
300 ## - PHYSICAL DESCRIPTION
Extent 12, 82 p.
Other physical details ports.
Dimensions 22 cm.
500 ## - GENERAL NOTE
General note In Bengali.
650 #0 - SUBJECT ADDED ENTRY--TOPICAL TERM
Topical term or geographic name entry element Children's literature, Bengali
General subdivision History and criticism.
650 #0 - SUBJECT ADDED ENTRY--TOPICAL TERM
Topical term or geographic name entry element Children
General subdivision Books and reading
Geographic subdivision India.

No items available.

Powered by Koha